000 00764cab a2200217 4500
001 WB2811-24
008 090401t1992 xxu||||| |||| 00| 0 eng d
035 _a(Sirsi) u55719
041 _aeng
245 _aGradual pollution
260 _c1992
350 _a0
490 _aEstates Gazette
_v(9209) 7 March 1992, 131(1)
520 _aNew public liability insurance policies have exclusion clauses for claims arising from `gradual pollution` as insurers try to protect themselves from, for instance, Legionnaire`s outbreaks due to a gradual build-up of contamination.
650 _aEXCLUSION CLAUSES
650 _aLEGIONNAIRES' DISEASE
690 _aENVIRONMENTAL AND LAND CONSULTANCY
690 _aINSURANCE
_96249
942 _n0
948 _c04/03/1997
999 _c34063
_d34063